Physical testing of rubber. Part A 37. Determination of tendency to adhere to and to corrode metals. (Record no. 73189)

MARC details
000 -LEADER
fixed length control field 00437nam a2200133Ia 4500
245 #0 - TITLE STATEMENT
Title Physical testing of rubber. Part A 37. Determination of tendency to adhere to and to corrode metals.
260 ## - PUBLICATION, DISTRIBUTION, ETC. (IMPRINT)
Year of publication 1982
500 ## - GENERAL NOTE
General note Standard number: BS 903 Part A 43 ISO 1431/1-1980
650 ## - SUBJECT ADDED ENTRY--TOPICAL TERM
Topical Term Adhesion to corrode metal
650 ## - SUBJECT ADDED ENTRY--TOPICAL TERM
Topical Term Corrode metals
650 ## - SUBJECT ADDED ENTRY--TOPICAL TERM
Topical Term Physical testing
942 ## - ADDED ENTRY ELEMENTS (KOHA)
Koha item type Standards
Holdings
Withdrawn status Lost status Damaged status Not for loan Collection code Home library Current library Date acquired Koha item type
      Standards British standards RRII Library RRII Library 31/12/2021 Standards